McGraw-Hill’s TOEFL computer-based test.
Listening; Structure and writing the essay structure pre-test; Reading...
Сохранить в:
| Главный автор: | |
|---|---|
| Соавтор: | |
| Формат: | |
| Язык: | English |
| Опубликовано: |
New York :
McGraw-Hill,
2005.
|
| Предметы: | |
| Метки: |
Добавить метку
Нет меток, Требуется 1-ая метка записи!
|
| Thư viện lưu trữ: | Mạng thư viện Đại học Đà Nẵng |
|---|
| LEADER | 01275nam a2200337 a 4500 | ||
|---|---|---|---|
| 001 | 000041774 | ||
| 003 | 30763 | ||
| 005 | 20200513144321.0 | ||
| 008 | 171030s2005 | ||
| 040 | |a Lnn |c Lnn |d Lnn | ||
| 041 | 0 | |a eng | |
| 082 | 1 | 4 | |a 428.2 |b ST-R |
| 100 | 1 | |a Steinberg, Roberta. | |
| 245 | 0 | 4 | |a McGraw-Hill’s TOEFL computer-based test. |
| 246 | 0 | |a TOEFL computer-based test. | |
| 260 | |a New York : |b McGraw-Hill, |c 2005. | ||
| 300 | |a xii, 445 p. : |b ill. ; |c 28 cm. | ||
| 520 | |a Listening; Structure and writing the essay structure pre-test; Reading... | ||
| 650 | 0 | |a Test of English as a Foreign Language |v Study guides |v Periodicals. | |
| 650 | 0 | |a English language |v Textbooks for foreign speakers |v Periodicals. | |
| 650 | 0 | |a English language |x Examinations |v Study guides |v Periodicals. | |
| 710 | 2 | |a McGraw-Hill, inc. | |
| OWN | |a LNN | ||
| AVA | |a UDN50 |b LNN |c English |d 428.2 ST-R |e available |t Error 5001 Not defined in file expand_doc_bib_avail. |f 1 |g 0 |h N |i 0 |j AN |k 1 | ||
| 999 | |a From the UDN01 | ||
| AVA | |a UDN50 |b LNN |c English |d 428.2 ST-R |e available |t Error 5001 Not defined in file expand_doc_bib_avail. |f 1 |g 0 |h N |i 0 |j AN |k 1 | ||
| TYP | |a Monograph | ||
| TYP | |a Printed language | ||
| 980 | |a Mạng thư viện Đại học Đà Nẵng | ||